Fixed Point theory and its applications

Αποθηκεύτηκε σε:
Λεπτομέρειες βιβλιογραφικής εγγραφής
Συλλογικό Έργο: Seminar on Fixed Point Theory and its Application Dalhousie University, Canadian Mathematical Congress (Society), Dalhousie University
Άλλοι συγγραφείς: Swaminathan, Srinivasa
Μορφή: Πρακτικό Συνεδρίου Βιβλίο
Γλώσσα:English
Δημοσίευση: New York : Academic Press, 1976.
Θέματα:
Ετικέτες: Προσθήκη ετικέτας
Δεν υπάρχουν, Καταχωρήστε ετικέτα πρώτοι!

MARC

LEADER 00000cam a2200000 i 4500
001 1/62008
008 941103s1976 nyu| ||| |||| ||eng||
020 |a 012678650X 
035 |l 10046536 
035 |a 1988 
040 |a GR-MY-UA  |b gre  |e aacr 
041 0 |a eng 
082 0 |a 515.7248   |2 (22) 
111 2 |a Seminar on Fixed Point Theory and its Application   |d (1975 :   |c Dalhousie University) 
245 1 0 |a Fixed Point theory and its applications /   |c edited by Srinivasa Swaminathan. 
260 |a New York :   |b Academic Press,   |c 1976. 
300 |a xiii, 216 σ. :   |b εικ. ;   |c 24 εκ. 
500 |a "Sponsored by the Canadian Mathematical Congress ... and Dalhousie University." 
504 |a Περιλαμβάνει βιβλιογραφίες και ευρετήριο. 
650 0 |a Fixed point theory  |x Congresses. 
650 0 |a Functional analysis  |x Congresses. 
650 0 |a Differential equations, Partial  |x Congresses. 
700 1 |a Swaminathan, Srinivasa. 
710 2 |a Canadian Mathematical Congress (Society) 
710 2 |a Dalhousie University. 
852 |a INST  |b SAMOS  |e 19941103  |h 515.7248 FIX  |p 005300001325  |q 005300001325  |t BK  |y 0